000 00395nam a22001697a 4500
005 20180820164225.0
008 160618b xxu||||| |||| 00| 0 eng d
020 _a81-203-1964-8
041 _aeng
082 _b8202
_a658.4012
100 _aSrinivasan, R
_91419
245 _aStrategic Management
260 _bPHI
_c2003
_adelhi
300 _a235p,
650 _aManagement
_9241
942 _cBK
999 _c3154
_d3153